000 01051naa a22003017a 4500
001 BR7404994
003 BR-BrBNA
005 20240918173555.0
007 ta
008 230509b bl.||||| |||| 00| 0 por d
040 _aBR-BrBNA
_bpor
_cBiblioteca Nacional de Agricultura
041 _a(Pt)
072 _aK00; A50
_b/G514
090 _aK00 BR7404994
100 1 _aMello, H. do A.
100 1 _aLeite, N.B.
100 1 _aKageyama, P.Y.
100 1 _aKajiya, S.
111 1 _a2. Congresso Florestal Brasileiro
_cCuritiba, PR (Brazil)
_d17 Sep 1973
245 1 _aA necessidade e o desenvolvimento da pesquisa florestal no Brasil
260 3 _aCuritiba, PR (Brasil):
_c1974.
500 _aAnais do 2. Congresso Florestal Brasileiro Curitiba, PR (Brasil): 1974. p. 28-33 (BR7404994-AM)K00
650 _aADMINISTRACAO FLORESTAL
650 _aPESQUISA FLORESTAL
773 0 _tAnais do 2. Congresso Florestal Brasileiro
_wK00 BR7404994
_gCuritiba, PR (Brasil), 1974. p. 28-33
909 _a202404
_bLucia
_c55
_dLucia Elande
942 _cAM
_2AGRIS
999 _c305506
_d305506